000 00472nam a2200157 i 4500
001 107746
003 ES-MaACL
005 20230906184500.0
007 t|
008 061121s1971 sp r ||||1| spa d
100 1 _aMota, Ignacio H. de la.
_983819
245 1 3 _aEl anunciomeron
_b: cuentos y descuentos de la publicidad /
_cIgnacio H. de la Mota.
260 _aMadrid :
_bFerreira,
_c1971.
300 _a259 p. :
_bil ;
_c20 cm.
852 _aES-MaACL
_jC-44832
_bR.79626
999 _c107746
_d107746